Protein bioseparation using ultrafiltration: theory, applications and new developments
Guardat en:
| Autor principal: | |
|---|---|
| Format: | Llibre |
| Idioma: | anglès |
| Publicat: |
Londres
Imperial College Press
2003
|
| Matèries: | |
| Etiquetes: |
Afegir etiqueta
Sense etiquetes, Sigues el primer a etiquetar aquest registre!
|
MARC
| LEADER | 00000nam a2200000 a 4500 | ||
|---|---|---|---|
| 001 | UCG2195 | ||
| 003 | CL-VaPUC | ||
| 008 | 100624e20030000UK |||||||||||||||||eng|d | ||
| 020 | |a 1860943179 | ||
| 082 | 0 | 4 | |a 660.63 |b GHO |2 21 |
| 100 | 0 | |a Ghosh, Raja |e author |9 550568 | |
| 245 | 1 | 0 | |a Protein bioseparation using ultrafiltration: theory, applications and new developments |
| 300 | |a 166 p | ||
| 942 | |c BK | ||
| 945 | |d 20100624 00:00:00 |a dcastane | ||
| 260 | |a Londres |b Imperial College Press |c 2003 | ||
| 650 | 0 | |a Biomoléculas |9 263074 | |
| 650 | 0 | |a Análisis |9 259550 | |
| 650 | 0 | |a Biotecnología |9 259561 | |
| 650 | 0 | |a Tecnología química |9 263002 | |
| 650 | 7 | |a INGENIERIA QUIMICA |2 CL-VaPUC |9 8 | |
| 583 | |a last modification |c 20100624 00:00:00 |k Rodrigo Vera | ||
| 999 | |c 341424 |d 341422 | ||
| 952 | |0 0 |1 0 |4 0 |6 660_630000000000000_GHO_2003 |7 0 |8 A |9 436919 |a BIBALI |b BIBALI |c GEN |d 2019-11-22 |i 4691792 |o 660.63 GHO 2003 |p 4691792 |r 2025-01-20 |w 2019-11-22 |y BK |k ALI | ||